00695nam a2200145Ia 4500008004100000050002600041100002800067245019100095260008600286300002800372521001400400942000700414999001900421952010900440140724s9999 xx 000 0 und d aHF 5415.2b.M684 2012 aMitra, Anna Angelica M. 2aA marketing research and analysis :bdefining the competetiveness of Erjohn & Almark Transit Corp.'s new route from Mendez, Cavite to Mandaluyong City via EDSA /cAnna Angelica M. Mitra. aLas Piñas, Philippines :bSouthville International School and Colleges,cc2012. a68 p. :bill. ;c28 cm. aMarketing cTH c228773d228773 001040aCLbCLcTHESESd2014-07-24l0oHF 5415.2 .M684 2012pT0127r2018-05-15 00:00:00w2014-07-24yTH